The little red hen / (Record no. 6233)

MARC details
000 -LEADER
fixed length control field 01105nam a22002777a 4500
001 - CONTROL NUMBER
control field 6233
003 - CONTROL NUMBER IDENTIFIER
control field FISKH
005 - DATE AND TIME OF LATEST TRANSACTION
control field 20250826090647.0
008 - FIXED-LENGTH DATA ELEMENTS--GENERAL INFORMATION
fixed length control field 250403b cb ||||| |||| 00| 0 eng d
020 ## - INTERNATIONAL STANDARD BOOK NUMBER
International Standard Book Number 9789814281089
040 ## - CATALOGING SOURCE
Original cataloging agency FISKH
Language of cataloging eng
Transcribing agency FISKH
Modifying agency FISKH
050 ## - LIBRARY OF CONGRESS CALL NUMBER
Classification number PZ8.1 ..L7215
082 ## - DEWEY DECIMAL CLASSIFICATION NUMBER
Classification number 398.24528625
100 ## - MAIN ENTRY--PERSONAL NAME
Personal name Giles, Jenny
245 ## - TITLE STATEMENT
Title The little red hen /
Statement of responsibility, etc. Retold by Jenny Giles ; Illustrated by Betty Greenhatch
260 ## - PUBLICATION, DISTRIBUTION, ETC.
Place of publication, distribution, etc. Victoria :
Name of publisher, distributor, etc. Cengage Learning,
Date of publication, distribution, etc. 1997.
300 ## - PHYSICAL DESCRIPTION
Extent 32 pages :
Other physical details color illustrations ;
Dimensions 21 cm
505 ## - FORMATTED CONTENTS NOTE
Formatted contents note G<br/>
520 ## - SUMMARY, ETC.
Summary, etc. The little red hen works very hard whilst the other farm animals laze about on the farm. She discovers some wheat and decides to harvest and made bread out of it, but all the other animals refuse to help out. When the bread is baked the hen declines to share because they were not ready to work for their food.
521 8# - TARGET AUDIENCE NOTE
Target audience note 380<br/>
Source Lexile estimate <br/>
521 8# - TARGET AUDIENCE NOTE
Target audience note G<br/>
Source Raz-Plus<br/>
650 ## - SUBJECT ADDED ENTRY--TOPICAL TERM
Topical term or geographic name entry element Chickens
Form subdivision Animals
General subdivision Folktale
700 ## - ADDED ENTRY--PERSONAL NAME
Personal name Greenhatch, Betty
Relator term illustrator
942 ## - ADDED ENTRY ELEMENTS (KOHA)
Source of classification or shelving scheme Dewey Decimal Classification
Koha item type Books
Suppress in OPAC No
Holdings
Withdrawn status Lost status Source of classification or shelving scheme Damaged status Not for loan Collection Home library Current library Shelving location Date acquired Total Checkouts Full call number Barcode Date last seen Copy number Price effective from Koha item type Date last checked out
    Dewey Decimal Classification     Juvenile Fiction Footprints International School Library Network Toul Kork Campus Footprints International School Library Network Toul Kork Campus TK Primary Library Room(4th Floor), Bookcase 1&2, Shelves 1-16, Dark Blue Books 04/03/2025   GIL 398.24528625 PZ8.1 ..L7215 FISTK04099 04/03/2025 1 04/03/2025 Books  
    Dewey Decimal Classification     Juvenile Fiction Footprints International School Library Network Toul Kork Campus Footprints International School Library Network Toul Kork Campus TK Primary Library Room(4th Floor), Bookcase 1&2, Shelves 1-16, Dark Blue Books 04/29/2025   GIL 398.24528625 PZ8.1 ..L7215 FISTKG1B064 04/29/2025 2 04/29/2025 Books  
    Dewey Decimal Classification     Juvenile Fiction Footprints International School Library Network Toul Tom Poung Campus Footprints International School Library Network Toul Tom Poung Campus TTP Primary Dark Blue Bookshelves 06/23/2025   GIL 398.24528625 PZ8.1 ..L7215 FIS04861 06/23/2025 3 06/23/2025 Books  
    Dewey Decimal Classification     Juvenile Fiction Footprints International School Library Network Toul Tom Poung Campus Footprints International School Library Network Toul Tom Poung Campus TTP Primary Dark Blue Bookshelves 06/23/2025   GIL 398.24528625 PZ8.1 ..L7215 FIS04876 06/23/2025 4 06/23/2025 Books  
    Dewey Decimal Classification     Juvenile Fiction Footprints International School Library Network Toul Tom Poung Campus Footprints International School Library Network Toul Tom Poung Campus TTP Primary Dark Blue Bookshelves 08/14/2025   GIL 398.24528625 PZ8.1 ..L7215 FISTK00916 08/14/2025 5 08/14/2025 Books  
    Dewey Decimal Classification     Juvenile Fiction Footprints International School Library Network Toul Tom Poung Campus Footprints International School Library Network Toul Tom Poung Campus TTP Primary Dark Blue Bookshelves 08/15/2025   GIL 398.24528625 PZ8.1 ..L7215 FISTK04100 08/15/2025 6 08/15/2025 Books  
    Dewey Decimal Classification     Juvenile Fiction Footprints International School Library Network Toul Tom Poung Campus Footprints International School Library Network Toul Tom Poung Campus TTP Primary Dark Blue Bookshelves 08/26/2025   GIL 398.24528625 PZ8.1 ..L7215 FIS04840 08/26/2025 7 08/26/2025 Books  
    Dewey Decimal Classification     Juvenile Fiction Footprints International School Library Network Toul Tom Poung Campus Footprints International School Library Network Toul Tom Poung Campus TTP Primary Dark Blue Bookshelves 10/24/2025 1 GIL 398.24528625 PZ8.1 ..L7215 FISBK05084 03/25/2026 8 10/24/2025 Books 03/11/2026